<?xml version="1.0" encoding="UTF-8"?>
<record
    xmlns:xsi="http://www.w3.org/2001/XMLSchema-instance"
    xsi:schemaLocation="http://www.loc.gov/MARC21/slim http://www.loc.gov/standards/marcxml/schema/MARC21slim.xsd"
    xmlns="http://www.loc.gov/MARC21/slim">

  <leader>01833nam a2200349 a 4500</leader>
  <controlfield tag="001">000000623</controlfield>
  <controlfield tag="003">DO-SdBNP</controlfield>
  <controlfield tag="005">20221114114049.0</controlfield>
  <controlfield tag="008">090331s2006    dr  000 0 spa d</controlfield>
  <datafield tag="020" ind1=" " ind2=" ">
    <subfield code="a">9993442534</subfield>
  </datafield>
  <datafield tag="040" ind1=" " ind2=" ">
    <subfield code="a">DO-SdBNP</subfield>
    <subfield code="b">spa</subfield>
    <subfield code="c">BPMSU </subfield>
  </datafield>
  <datafield tag="082" ind1=" " ind2="4">
    <subfield code="a">305.42</subfield>
    <subfield code="b">R696m 2006</subfield>
    <subfield code="2">22</subfield>
  </datafield>
  <datafield tag="100" ind1="1" ind2=" ">
    <subfield code="a">Rodr&#xED;guez, Marcia,</subfield>
    <subfield code="d">1949-</subfield>
  </datafield>
  <datafield tag="245" ind1="1" ind2="0">
    <subfield code="a">Mujer, discurso e ideolog&#xED;a :</subfield>
    <subfield code="b">hacia la construcci&#xF3;n de un nuevo sujeto femenino /</subfield>
    <subfield code="c">Marcia Rodr&#xED;guez ; cuidado de edici&#xF3;n Jos&#xE9; Fern&#xE1;ndez Peque&#xF1;o ; correcci&#xF3;n &#xC1;ngela Rodr&#xED;guez Carpio.</subfield>
  </datafield>
  <datafield tag="260" ind1=" " ind2=" ">
    <subfield code="a">Santo Domingo :</subfield>
    <subfield code="b">Direcci&#xF3;n General de la Feria del Libro,</subfield>
    <subfield code="c">2006.</subfield>
  </datafield>
  <datafield tag="300" ind1=" " ind2=" ">
    <subfield code="a">177 p. ;</subfield>
    <subfield code="c">23 cm.</subfield>
  </datafield>
  <datafield tag="490" ind1="0" ind2=" ">
    <subfield code="a">Ediciones Ferilibro</subfield>
    <subfield code="v">92</subfield>
  </datafield>
  <datafield tag="500" ind1=" " ind2=" ">
    <subfield code="a">Incluye datos biogr&#xE1;ficos del autor en la solapa de la cubierta</subfield>
  </datafield>
  <datafield tag="500" ind1=" " ind2=" ">
    <subfield code="a">Incluye referencias bibliogr&#xE1;ficas y notas al pie de las p&#xE1;ginas</subfield>
  </datafield>
  <datafield tag="504" ind1=" " ind2=" ">
    <subfield code="a">Bibliograf&#xED;a : p. 161-177.</subfield>
  </datafield>
  <datafield tag="505" ind1="0" ind2=" ">
    <subfield code="t">Presentaci&#xF3;n /</subfield>
    <subfield code="r">Alejandro Arvelo --</subfield>
    <subfield code="t">Palabras --</subfield>
    <subfield code="t">Prefacio --</subfield>
    <subfield code="t">Introducci&#xF3;n --</subfield>
    <subfield code="t">Constituci&#xF3;n del sujeto femenino --</subfield>
    <subfield code="t">Elementos que intervienen en la conformaci&#xF3;n del sujeto --</subfield>
    <subfield code="t">El psicoan&#xE1;lisis: un modelo posible para la construcci&#xF3;n del sujeto mujer --</subfield>
    <subfield code="t">Mujer sujeto Vs. mujer objeto: el elemento subordinaci&#xF3;n --</subfield>
    <subfield code="t">La feminidad y "lo reprimido femenino" --</subfield>
    <subfield code="t">La mujer en el matrimonio --</subfield>
    <subfield code="t">La mujer, el trabajo y el movimiento femenino --</subfield>
    <subfield code="t">An&#xE1;lisis de la revista Cosmopolitan --</subfield>
    <subfield code="t">Un modelo para construir un nuevo sujeto femenino --</subfield>
    <subfield code="t">Bibliograf&#xED;a.</subfield>
  </datafield>
  <datafield tag="526" ind1=" " ind2=" ">
    <subfield code="b"> </subfield>
  </datafield>
  <datafield tag="590" ind1=" " ind2=" ">
    <subfield code="a">Inventariado, 2022/VM</subfield>
  </datafield>
  <datafield tag="650" ind1=" " ind2="4">
    <subfield code="a">Mujeres     </subfield>
    <subfield code="x">Condiciones sociales</subfield>
  </datafield>
  <datafield tag="650" ind1=" " ind2="4">
    <subfield code="a">Feminismo </subfield>
  </datafield>
  <datafield tag="650" ind1=" " ind2="4">
    <subfield code="a">Desarrollo social </subfield>
  </datafield>
  <datafield tag="700" ind1="1" ind2=" ">
    <subfield code="a">Fern&#xE1;ndez Peque&#xF1;o, Jos&#xE9;,</subfield>
    <subfield code="e">ed.</subfield>
  </datafield>
  <datafield tag="700" ind1="1" ind2=" ">
    <subfield code="a">Rodr&#xED;guez Carpio, &#xC1;ngela,</subfield>
    <subfield code="e">corr.</subfield>
  </datafield>
  <datafield tag="830" ind1=" " ind2="0">
    <subfield code="a">Ediciones Ferilibro</subfield>
    <subfield code="n">no. 92</subfield>
  </datafield>
  <datafield tag="910" ind1=" " ind2=" ">
    <subfield code="a">VMateo V./Validado</subfield>
  </datafield>
  <datafield tag="942" ind1=" " ind2=" ">
    <subfield code="2">ddc</subfield>
    <subfield code="c">BK</subfield>
  </datafield>
  <datafield tag="952" ind1=" " ind2=" ">
    <subfield code="0">0</subfield>
    <subfield code="1">0</subfield>
    <subfield code="2">ddc</subfield>
    <subfield code="4">0</subfield>
    <subfield code="7">0</subfield>
    <subfield code="8">CD</subfield>
    <subfield code="a">BPMET</subfield>
    <subfield code="b">BPMET</subfield>
    <subfield code="d">2022-11-14</subfield>
    <subfield code="l">0</subfield>
    <subfield code="o">BPMSU CD 305.42 R696m 2006</subfield>
    <subfield code="p">BPMSU22110008</subfield>
    <subfield code="r">2022-11-14</subfield>
    <subfield code="w">2022-11-14</subfield>
    <subfield code="y">BK</subfield>
  </datafield>
  <datafield tag="999" ind1=" " ind2=" ">
    <subfield code="c">14323</subfield>
    <subfield code="d">14323</subfield>
  </datafield>
</record>
